¿Crisis de la sociedad anónima? (Record no. 43208)

MARC details
000 -LEADER
campo de control de longitud fija 00842nam a2200205 i 4500
001 - NÚMERO DE CONTROL
campo de control 43208
003 - IDENTIFICADOR DE NÚMERO DE CONTROL
campo de control ES-MaACL
005 - FECHA Y HORA DE LA ÚLTIMA TRANSACCIÓN
campo de control 20250904063045.0
007 - CAMPO FIJO DE DESCRIPCIÓN FÍSICA--INFORMACIÓN GENERAL
campo de control de longitud fija t|
008 - DATOS DE LONGITUD FIJA--INFORMACIÓN GENERAL
campo de control de longitud fija 030317s1950 sp ||||1| spa d
100 1# - ENTRADA PRINCIPAL--NOMBRE DE PERSONA
Nombre de persona Castro y Bravo, Federico de,
Fechas asociadas al nombre 1903-1983
9 (RLIN) 36965
245 10 - MENCIÓN DEL TÍTULO
Título ¿Crisis de la sociedad anónima?
Resto del título : reflexiones sobre la proyectada reforma legislativa de la sociedad anónima /
Mención de responsabilidad, etc. Federico de Castro y Bravo.
260 ## - PUBLICACIÓN, DISTRIBUCIÓN, ETC.
Lugar de publicación, distribución, etc. Madrid :
Nombre del editor, distribuidor, etc. Instituto de Estudios Políticos,
Fecha de publicación, distribución, etc. 1950 (
Fabricante Gráficas González)
300 ## - DESCRIPCIÓN FÍSICA
Extensión 28 p. ;
Dimensiones 24 cm.
500 ## - NOTA GENERAL
Nota general Es separata del nº 49 (Vol. XXIV) de la Rev. de Estudios Políticos. P. 51-105.
650 04 - PUNTO DE ACCESO ADICIONAL DE MATERIA--TÉRMINO DE MATERIA
Término de materia o nombre geográfico como elemento de entrada Sociedades anónimas-
Subdivisión geográfica España.
9 (RLIN) 17183
710 2# - ENTRADA AGREGADA--NOMBRE DE ENTIDAD CORPORATIVA
Nombre de entidad corporativa o nombre de jurisdicción como elemento de entrada Instituto de Estudios Políticos (Madrid)
9 (RLIN) 4924
852 ## - LOCALIZACIÓN
Ubicación ES-MaACL
Número de control de estantería 1678-F-4
Sublocalización o colección R.30178
Holdings
Estatus retirado Estado de pérdida Estado de daño No para préstamo Colección Biblioteca de origen Biblioteca actual Ubicación en estantería Fecha de adquisición Fuente de adquisición Total de préstamos Signatura topográfica completa Código de barras Visto por última vez Precio de reemplazo Tipo de ítem Koha
        Colección de folletos Biblioteca del Ateneo de Madrid Biblioteca del Ateneo de Madrid Depósito folletos 17/01/2008     1678-F-4 1045483 23/02/2023 23/02/2023 Folleto